000 00508nam a2200205Ia 4500
003 OSt
005 20250808091649.0
008 210210b2014 xxu||||| |||| 00| 0 eng d
020 _a9788184955286
040 _cAL
041 _aeng
082 _a621.381958 MHAM
100 _aMhatre, Swapneel Chandrakant
_9234625
245 _aMicroprocessors
260 _aAhmedabad
_bJaico Publishing House
_c2014
300 _axxx,517p
690 _aMicroprocessors
_9234626
906 _a071686
942 _2ddc
_cBK
999 _c121436
_d121436